[Event "SLO-chT2 East"]
[Site "Slovenia"]
[Date "2018.10.13"]
[Round "4"]
[White "Bajc, Aleksander"]
[Black "Cvetko, Branko"]
[Result "1/2-1/2"]
[WhiteElo "1844"]
[BlackElo "1719"]
[PlyCount "56"]
[EventDate "2018.09.15"]
[EventType "team-tourn"]
[EventRounds "9"]
[EventCountry "SLO"]
[SourceTitle "EXT 2021"]
[Source "ChessBase"]
[SourceDate "2020.10.23"]
[SourceVersion "1"]
[SourceVersionDate "2020.10.23"]
[SourceQuality "1"]
[WhiteTeam "Krsko Triglav II"]
[BlackTeam "Destrnik"]
[WhiteTeamCountry "SLO"]
[BlackTeamCountry "SLO"]

1. d4 Nf6 2. c4 g6 3. Nc3 d5 4. Nf3 Bg7 5. Bf4 c6 6. e3 0-0 7. Be2 Re8 8. 0-0 Nbd7 9. Rc1 dxc4 10. Bxc4 Nb6 11. Be2 Nbd5 12. Nxd5 Nxd5 13. Bg3 Bg4 14. b4 a6 15. Qb3 Qb6 16. a3 Rad8 17. h3 Bxf3 18. Bxf3 e6 19. Rfd1 a5 20. Rb1 axb4 21. axb4 Bf8 22. Bxd5 Rxd5 23. f4 Ra8 24. Bf2 Rb5 25. Be1 Rd5 26. Bf2 Rb5 27. Be1 Rd5 28. Bf2 Rb5 1/2-1/2